Husitství v literatuře zejména německé. Část 3., Husitství v literatuře 19. století /

Hlavní autor: Kraus, Arnošt Vilém, 1859-1943
Jazyk: Čeština
Vydáno: Praha : Česká akademie, 1924
Edice: Rozpravy České akademie věd a umění ; třída 3, č. 58
Témata:
Externí odkaz: Digitalizovaný dokument
Fyzický popis: 320 s.
Knihy
Uloženo v:
LEADER 01310nam a22003012a 4500
001 000237261
003 CZ BrMZK
005 20190320144900.0
008 970107s1924 xr f cze d
015 |a cnb000595862 
035 |a (OCoLC)85478442 
040 |a BOA001  |b cze 
100 1 |a Kraus, Arnošt Vilém,  |d 1859-1943  |7 jk01063043  |4 aut 
245 1 0 |a Husitství v literatuře zejména německé.  |n Část 3.,  |p Husitství v literatuře 19. století /  |c Arnošt Kraus 
246 3 0 |a Husitství v literatuře 19. století 
260 |a Praha :  |b Česká akademie,  |c 1924 
300 |a 320 s. 
490 1 |a Rozpravy České akademie věd a umění ;  |v třída 3, č. 58 
500 |a Dostupné též v digitální podobě v aplikaci Kramerius 
810 2 |a Česká akademie věd a umění.  |t Rozpravy  |0 s 
856 4 1 |u http://www.digitalniknihovna.cz/mzk/uuid/uuid:04d72ec0-a19c-11e6-9325-005056827e52  |y Digitalizovaný dokument  |x NDK 
910 |a BOA001  |b PK-II-0014.828,3 
964 |a Husitství - literatura německá 
964 |a Barok literární - husitství 
990 |a BK 
993 |a Y 
996 7 |b 3119911485  |c PK-II-0014.828,3  |l MZK  |r Sklad / do 1 hodiny  |n 5  |w 000237261  |u 000010  |a 1  |e BOA001  |j MZK50  |s A 
996 7 |b 3119933719  |c PK-II-0014.828,3  |l MZK  |r Sklad / do 1 hodiny  |n 2  |w 000237261  |u 000020  |a 1  |e BOA001  |j MZK50  |s A